[Event "Zukertort"]
[Site "Charlesbourg CAN"]
[Date "2014.03.03"]
[Round "4"]
[White "Tremblay-Alix, Eric"]
[Black "Bahadi, Khalid"]
[Result "0-1"]
[WhiteElo "1828"]
[BlackElo "2021"]
[PlyCount "126"]
[EventDate "2014.02.10"]
[EventType "swiss"]
[EventRounds "5"]
[EventCountry "CAN"]

1. c4 Nf6 2. Nc3 e6 3. e4 d6 4. d4 c6 5. Nf3 Be7 6. Be2 O-O 7. Bg5 h6 8. Bh4 g5
9. Bg3 Nh5 10. Nd2 Nxg3 11. hxg3 Kg7 12. Qc2 f5 13. exf5 exf5 14. O-O-O d5 15.
cxd5 cxd5 16. Bf3 Be6 17. Rhe1 Qd7 18. Qb3 Nc6 19. Nf1 Rfd8 20. Ne3 Rac8 21.
Qc2 Nb4 22. Qb3 a5 23. Kb1 f4 24. Nexd5 a4 25. Qxa4 Bf5+ 26. Be4 Nxd5 27. Qxd7
Nxc3+ 28. bxc3 Bxd7 29. Kb2 Bf6 30. gxf4 gxf4 31. f3 Rc7 32. Rc1 Rdc8 33. Red1
Ba4 34. Rd2 b5 35. Bf5 Rd8 36. Bc2 Ra7 37. Bxa4 Rxa4 38. Rcc2 b4 39. Kb3 bxc3
40. Rxc3 Ra7 41. Rc4 Rb7+ 42. Kc3 Ra8 43. Kd3 Rba7 44. Rcc2 Ra3+ 45. Ke4 Re8+
46. Kf5 Re7 47. Rd1 Bg5 48. d5 Ra5 49. Kg4 Rd7 50. d6 Kg6 51. Rc7 Rd8 52. Rd2
h5+ 53. Kh3 Re5 54. Ra7 Re1 55. Kh2 Bh4 56. g4 hxg4 57. fxg4 Bg3+ 58. Kg2 Rh8
59. Re7 Rh2+ 60. Kf3 Rf1+ 61. Ke4 Rxd2 62. Re6+ Kg5 63. Re7 Re1+ 0-1

[Event "Zukertort"]
[Site "Charlesbourg CAN"]
[Date "2014.03.10"]
[Round "5"]
[White "Bahadi, Khalid"]
[Black "Lapierre, Gaetan"]
[Result "1-0"]
[WhiteElo "2021"]
[BlackElo "1947"]
[PlyCount "77"]
[EventDate "2014.02.10"]
[EventType "swiss"]
[EventRounds "5"]
[EventCountry "CAN"]

1. e4 e5 2. Nf3 Nc6 3. Bc4 Be7 4. O-O Nf6 5. Re1 O-O 6. c3 d6 7. d3 h6 8. Nbd2
a6 9. a3 Na5 10. Ba2 c5 11. b4 Nc6 12. bxc5 dxc5 13. Nc4 Bd6 14. a4 Be6 15. Ba3
Bxc4 16. Bxc4 Na5 17. Ba2 Rc8 18. d4 Nd7 19. Qd2 Qc7 20. Rad1 cxd4 21. Bxd6
Qxd6 22. cxd4 Nc6 23. Qb2 exd4 24. Nxd4 Nxd4 25. Rxd4 Qe5 26. Qd2 Nc5 27. f4
Qc7 28. e5 Rfd8 29. Rd1 Rxd4 30. Qxd4 Qa5 31. Qd5 Qc7 32. f5 Re8 33. e6 fxe6
34. fxe6 Nxe6 35. Re1 Qb6+ 36. Kh1 Qf2 37. Qe5 Kh7 38. Bxe6 Rf8 39. h3 1-0

[Event "Zukertort"]
[Site "Charlesbourg CAN"]
[Date "2014.03.10"]
[Round "5"]
[White "Tremblay, Rejean"]
[Black "Fecteau, Martin"]
[Result "1-0"]
[WhiteElo "2223"]
[BlackElo "1978"]
[PlyCount "95"]
[EventDate "2014.02.10"]
[EventType "swiss"]
[EventRounds "5"]
[EventCountry "CAN"]

1. e4 e5 2. Nf3 Nc6 3. Bb5 Nf6 4. d3 d6 5. O-O Be7 6. h3 O-O 7. c4 Bd7 8. Nc3
Nb8 9. Bxd7 Nbxd7 10. d4 c6 11. Re1 Qc7 12. Be3 b6 13. Rc1 Rac8 14. Rc2 Rfe8
15. Bg5 Bf8 16. Ree2 g6 17. Rcd2 Bg7 18. b3 h6 19. Be3 Rcd8 20. dxe5 dxe5 21.
Rd3 Nf8 22. Red2 Rxd3 23. Rxd3 Ne6 24. g3 Re7 25. Kg2 Rd7 26. Rxd7 Nxd7 27. Qd2
Kh7 28. Ne1 Nd4 29. f4 c5 30. Nd5 Qd6 31. Nd3 f6 32. Qf2 Nc6 33. f5 g5 34. Qe2
Nb4 35. N3xb4 cxb4 36. Qh5 Qf8 37. Bd2 a5 38. Qe2 Qd6 39. Qh5 Qf8 40. Be3 Nc5
41. Kf3 a4 42. Bxc5 Qxc5 43. Nxf6+ Bxf6 44. Qg6+ Kh8 45. Qxf6+ Kg8 46. Qg6+ Kf8
47. f6 Qc7 48. Qxh6+ 1-0

[Event "Zukertort"]
[Site "Charlesbourg CAN"]
[Date "2014.03.10"]
[Round "5"]
[White "Tremblay-Alix, Eric"]
[Black "Beaudoin, Stephane"]
[Result "0-1"]
[WhiteElo "1828"]
[BlackElo "2020"]
[PlyCount "140"]
[EventDate "2014.02.10"]
[EventType "swiss"]
[EventRounds "5"]
[EventCountry "CAN"]

1. c4 Nf6 2. Nc3 g6 3. g3 Bg7 4. Bg2 O-O 5. d4 d6 6. Nf3 c5 7. O-O Na6 8. a3
cxd4 9. Nxd4 Nc7 10. Rb1 a6 11. e4 Bg4 12. f3 Bd7 13. Be3 Rc8 14. Na4 Na8 15.
Qb3 Bxa4 16. Qxa4 Nb6 17. Qb3 Nxc4 18. Rfe1 b5 19. Rbd1 Nxe3 20. Qxe3 Qb6 21.
Kh1 Rc7 22. Qd2 Nd7 23. f4 Rfc8 24. Bh3 Rb8 25. Nf3 Nc5 26. f5 Na4 27. fxg6
hxg6 28. b3 Nc5 29. Qd5 Qb7 30. b4 Qxd5 31. exd5 Na4 32. Nd4 Nb2 33. Nc6 Re8
34. Rb1 Nc4 35. Rb3 Bf6 36. Bg2 Kg7 37. Rc1 Rh8 38. Rc2 Ne5 39. Be4 Rhc8 40. a4
e6 41. axb5 axb5 42. Rb1 exd5 43. Nxe5 Rxc2 44. Bxc2 Rxc2 45. Nd3 g5 46. Rf1
Rc3 47. Rd1 Ra3 48. Nf2 Ra1 49. Rxa1 Bxa1 50. Kg2 f5 51. h3 Bf6 52. g4 f4 53.
Nd3 Bc3 54. Kf3 Kg6 55. Ke2 Kf7 56. Kf3 Ke6 57. h4 gxh4 58. Kxf4 Be5+ 59. Kf3
h3 60. Nf2 h2 61. Kg2 Kf6 62. Nd3 Kg5 63. Nf2 d4 64. Kf3 d5 65. Kg2 Bd6 66. Kh1
Bg3 67. Nd3 Kxg4 68. Kg2 Bd6 69. Nc5 Kf5 70. Kh1 Bxc5 0-1